[Event "SLO-chT1 West"]
[Site "Slovenia"]
[Date "2022.10.23"]
[Round "9.1"]
[White "Filip, Matej"]
[Black "Rici, Jurij"]
[Result "1-0"]
[WhiteElo "2132"]
[BlackElo "1832"]
[PlyCount "57"]
[EventDate "2022.10.07"]
[EventType "team-tourn"]
[EventRounds "9"]
[EventCountry "SLO"]
[SourceTitle "EXT 2024"]
[Source "ChessBase"]
[SourceDate "2023.10.10"]
[SourceVersion "1"]
[SourceVersionDate "2023.10.10"]
[SourceQuality "1"]
[WhiteTeam "Domzale Tajfun"]
[BlackTeam "Kranj Stari Mayr"]
[WhiteTeamCountry "SLO"]
[BlackTeamCountry "SLO"]

1. d4 d5 2. c4 e6 3. Nc3 Nf6 4. Bg5 Be7 5. e3 b6 6. Bd3 h6 7. Bf4 Bd6 8. Nge2 0-0 9. cxd5 exd5 10. Rc1 c6 11. a3 Re8 12. b4 b5 13. Qb3 Bxf4 14. Nxf4 Qd6 15. 0-0 g5 16. Nfe2 Ng4 17. Ng3 Na6 18. Bb1 Bd7 19. Nce2 Rac8 20. Qd3 Nf6 21. f3 Kf8 22. e4 Qe7 23. e5 Ng8 24. f4 f6 25. fxg5 hxg5 26. Rf2 f5 27. Nxf5 Bxf5 28. Qxf5+ Kg7 29. Qh7# 1-0

[Event "Ljubljana-chT 68th Superliga"]
[Site "Ljubljana"]
[Date "2015.03.05"]
[Round "7.2"]
[White "Filip, Matej"]
[Black "Cetina, Klemen"]
[Result "1/2-1/2"]
[WhiteElo "2125"]
[BlackElo "2159"]
[PlyCount "43"]
[EventDate "2015.01.08"]
[EventType "team-tourn"]
[EventRounds "9"]
[EventCountry "SLO"]
[SourceTitle "EXT 2022"]
[Source "ChessBase"]
[SourceDate "2021.10.06"]
[SourceVersion "1"]
[SourceVersionDate "2021.10.06"]
[SourceQuality "1"]
[WhiteTeam "Domzale SD"]
[BlackTeam "Crni Vitezi"]
[WhiteTeamCountry "SLO"]
[BlackTeamCountry "SLO"]

1. d4 Nf6 2. c4 g6 3. Nc3 d5 4. cxd5 Nxd5 5. e4 Nxc3 6. bxc3 Bg7 7. Bc4 c5 8. Ne2 0-0 9. 0-0 Nc6 10. Be3 cxd4 11. cxd4 Bg4 12. f3 Na5 13. Bd3 Be6 14. Qa4 Bd7 15. Qa3 b5 16. Rac1 Re8 17. d5 Bf8 18. Qc3 e6 19. dxe6 fxe6 20. Qe5 Bg7 21. Qc7 Bc6 22. Qxd8 1/2-1/2

[Event "Ljubljana-chT 67th Superliga"]
[Site "Ljubljana"]
[Date "2014.03.27"]
[Round "9.2"]
[White "Unuk, Laura"]
[Black "Filip, Matej"]
[Result "1/2-1/2"]
[WhiteElo "2017"]
[BlackElo "2119"]
[PlyCount "38"]
[EventDate "2014.01.09"]
[EventType "team-tourn"]
[EventRounds "9"]
[EventCountry "SLO"]
[SourceTitle "EXT 2022"]
[Source "ChessBase"]
[SourceDate "2021.10.06"]
[SourceVersion "1"]
[SourceVersionDate "2021.10.06"]
[SourceQuality "1"]
[WhiteTeam "Komenda Pogi"]
[BlackTeam "Domzale SD"]
[WhiteTeamCountry "SLO"]
[BlackTeamCountry "SLO"]

1. d4 Nf6 2. c4 g6 3. Nc3 Bg7 4. e4 d6 5. f3 0-0 6. Bg5 c5 7. d5 Na6 8. Qd2 Re8 9. Nge2 Nc7 10. h4 a6 11. a4 Rb8 12. h5 b5 13. hxg6 hxg6 14. Nf4 e6 15. g4 exd5 16. Ncxd5 Nxe4 17. Bxd8 Nxd2+ 18. Kxd2 Nxd5 19. Nxd5 Rxd8 1/2-1/2

[Event "Ljubljana-chT 67th Superliga"]
[Site "Ljubljana"]
[Date "2014.03.20"]
[Round "8.1"]
[White "Nedimovic, Ljubisa"]
[Black "Filip, Matej"]
[Result "1/2-1/2"]
[WhiteElo "2264"]
[BlackElo "2119"]
[PlyCount "53"]
[EventDate "2014.01.09"]
[EventType "team-tourn"]
[EventRounds "9"]
[EventCountry "SLO"]
[SourceTitle "EXT 2022"]
[Source "ChessBase"]
[SourceDate "2021.10.06"]
[SourceVersion "1"]
[SourceVersionDate "2021.10.06"]
[SourceQuality "1"]
[WhiteTeam "Klinicni Center"]
[BlackTeam "Domzale SD"]
[WhiteTeamCountry "SLO"]
[BlackTeamCountry "SLO"]

1. d4 Nf6 2. Bg5 c5 3. Bxf6 gxf6 4. d5 Qb6 5. Qc1 f5 6. e3 d6 7. g3 Nd7 8. Bg2 Bg7 9. Nc3 Qa5 10. Nge2 b5 11. 0-0 Nf6 12. a3 0-0 13. Nf4 Rb8 14. Re1 Qc7 15. Qd1 Bd7 16. Nce2 e5 17. dxe6 fxe6 18. c3 Rfe8 19. Nc1 Bc6 20. Nh5 Nxh5 21. Qxh5 Qb7 22. Bxc6 Qxc6 23. Nd3 Qe4 24. Nf4 Qe5 25. Nd3 Qe4 26. Nf4 Qe5 27. Nd3 1/2-1/2

[Event "Ljubljana-chT 67th Superliga"]
[Site "Ljubljana"]
[Date "2014.02.13"]
[Round "5.2"]
[White "Debevec, Blaz"]
[Black "Filip, Matej"]
[Result "0-1"]
[WhiteElo "2163"]
[BlackElo "2119"]
[PlyCount "98"]
[EventDate "2014.01.09"]
[EventType "team-tourn"]
[EventRounds "9"]
[EventCountry "SLO"]
[SourceTitle "EXT 2022"]
[Source "ChessBase"]
[SourceDate "2021.10.06"]
[SourceVersion "1"]
[SourceVersionDate "2021.10.06"]
[SourceQuality "1"]
[WhiteTeam "Komenda Popotnik"]
[BlackTeam "Domzale SD"]
[WhiteTeamCountry "SLO"]
[BlackTeamCountry "SLO"]

1. e4 c5 2. Nf3 e6 3. d4 cxd4 4. Nxd4 Nf6 5. Nc3 Nc6 6. Ndb5 d6 7. Bf4 e5 8. Bg5 a6 9. Na3 b5 10. Nd5 Be7 11. Bxf6 Bxf6 12. c4 b4 13. Nc2 a5 14. g3 0-0 15. b3 g6 16. Bg2 Bg7 17. h4 Ra7 18. Qd2 f5 19. h5 f4 20. h6 Bh8 21. Rd1 Raf7 22. g4 Bxg4 23. f3 Be6 24. Ke2 Rd7 25. Bh3 Bxh3 26. Rxh3 Rff7 27. Rg1 Rb7 28. Rhh1 Kf8 29. Rg4 Qb8 30. Rhg1 Bf6 31. Kd1 Bd8 32. Qg2 Bb6 33. Rh1 Ne7 34. Nxe7 Rfxe7 35. Ne1 Bd4 36. Nc2 Bb6 37. Ne1 Qc7 38. Nd3 Be3 39. Kc2 a4 40. Nb2 axb3+ 41. axb3 Ra7 42. Qe2 Ra2 43. Qd3 Bd4 44. Rb1 Qa7 45. Kc1 Ra3 46. Rg2 Rd7 47. Re2 Ra6 48. Kd1 Ra1 49. Na4 Rxa4 0-1

[Event "Ljubljana-chT 66th Superliga"]
[Site "Ljubljana"]
[Date "2013.03.21"]
[Round "9.2"]
[White "Gantar, Jan"]
[Black "Filip, Matej"]
[Result "1/2-1/2"]
[WhiteElo "2202"]
[BlackElo "2110"]
[PlyCount "91"]
[EventDate "2013.01.10"]
[EventType "team-tourn"]
[EventRounds "9"]
[EventCountry "SLO"]
[SourceTitle "EXT 2022"]
[Source "ChessBase"]
[SourceDate "2021.10.06"]
[SourceVersion "1"]
[SourceVersionDate "2021.10.06"]
[SourceQuality "1"]
[WhiteTeam "Komenda Popotnik"]
[BlackTeam "Domzale SD"]
[WhiteTeamCountry "SLO"]
[BlackTeamCountry "SLO"]

1. e4 c5 2. Nc3 e6 3. Nf3 Nc6 4. d4 cxd4 5. Nxd4 Nf6 6. Ndb5 d6 7. Bf4 e5 8. Bg5 a6 9. Na3 b5 10. Bxf6 gxf6 11. Nd5 f5 12. c3 Bg7 13. exf5 Bxf5 14. Nc2 0-0 15. Nce3 Be6 16. g3 f5 17. Bg2 f4 18. Nc2 Ra7 19. Be4 Raf7 20. Qd3 Bh6 21. a4 Na5 22. axb5 Nb3 23. Rxa6 Nc5 24. Qc4 fxg3 25. hxg3 Qg5 26. Nce3 Rxf2 27. Rxd6 Qxg3 28. Qxc5 Bg4 29. Nxg4 Bd2+ 30. Kd1 Qxg4+ 31. Kc2 Be3+ 32. Kb3 Bxc5 33. Ne7+ Kf7 34. Rxh7+ Qg7 35. Bd5+ Ke8 36. Rxg7 Bxd6 37. Ng6 R8f6 38. b6 Bf8 39. Nxf8 Rxb6+ 40. Kc4 Kxf8 41. Rg8+ Ke7 42. b4 Rf8 43. Rxf8 Kxf8 44. Kc5 Rb8 45. Kd6 Rc8 46. Kxe5 1/2-1/2

[Event "Ljubljana-chT 66th Superliga"]
[Site "Ljubljana"]
[Date "2013.02.07"]
[Round "4.1"]
[White "Peric, Bernard"]
[Black "Filip, Matej"]
[Result "1/2-1/2"]
[WhiteElo "2066"]
[BlackElo "2110"]
[PlyCount "31"]
[EventDate "2013.01.10"]
[EventType "team-tourn"]
[EventRounds "9"]
[EventCountry "SLO"]
[SourceTitle "EXT 2022"]
[Source "ChessBase"]
[SourceDate "2021.10.06"]
[SourceVersion "1"]
[SourceVersionDate "2021.10.06"]
[SourceQuality "1"]
[WhiteTeam "Zagorje ob Savi"]
[BlackTeam "Domzale SD"]
[WhiteTeamCountry "SLO"]
[BlackTeamCountry "SLO"]

1. e4 c5 2. Nf3 e6 3. d4 cxd4 4. Nxd4 Nf6 5. Nc3 Nc6 6. Nxc6 bxc6 7. e5 Nd5 8. Nxd5 cxd5 9. Bd3 d6 10. Bf4 dxe5 11. Bxe5 Bd6 12. Qe2 Bxe5 13. Qxe5 Qa5+ 14. c3 0-0 15. 0-0 Ba6 16. Rfd1 1/2-1/2

[Event "SLO-chT1 West"]
[Site "Ljubljana"]
[Date "2010.10.17"]
[Round "9.5"]
[White "Ivetic, Saso"]
[Black "Filip, Matej"]
[Result "0-1"]
[WhiteElo "2016"]
[BlackElo "2093"]
[PlyCount "102"]
[EventDate "2010.09.24"]
[EventType "team-tourn"]
[EventRounds "9"]
[EventCountry "SLO"]
[SourceTitle "CBM 138 Extra"]
[Source "ChessBase"]
[SourceDate "2010.10.29"]
[SourceVersion "1"]
[SourceVersionDate "2010.10.29"]
[SourceQuality "1"]
[WhiteTeam "Kocevje"]
[BlackTeam "Domzale"]
[WhiteTeamCountry "SLO"]
[BlackTeamCountry "SLO"]

1. e4 c5 2. Nf3 e6 3. d3 Nc6 4. g3 d5 5. Nbd2 Nf6 6. Bg2 Be7 7. 0-0 dxe4 8. dxe4 0-0 9. c3 Rb8 10. Qe2 b5 11. Nb3 Qc7 12. e5 Nd5 13. Re1 c4 14. Nbd4 Bc5 15. Nxc6 Qxc6 16. Ng5 h6 17. Ne4 Rd8 18. Qg4 Kf8 19. Qh4 Bb7 20. Bxh6 gxh6 21. Qxh6+ Ke7 22. Nf6 Qb6 23. Qg5 Nxf6 24. Qxf6+ Ke8 25. Re2 Bxg2 26. Kxg2 Qb7+ 27. f3 Rd3 28. Rf1 Rbd8 29. h4 Qe7 30. Qf4 Qd7 31. Re4 Rd2+ 32. Kh3 Qd3 33. Rfe1 Rf2 34. Kg4 Rg2 35. Rh1 Qd2 36. Qf6 Be7 37. Qg7 Bf8 38. Qf6 Qh6 39. f4 Rd3 40. Rh3 Qg7+ 41. Qxg7 Bxg7 42. h5 Bh6 43. Kh4 Rf3 44. b3 Rxc3 45. bxc4 Rxc4 46. Rxc4 bxc4 47. Rh1 c3 48. Rf1 c2 49. Kg4 Rd2 50. Rc1 Rf2 51. a4 a5 0-1

[Event "SLO-chT1 West"]
[Site "Ljubljana"]
[Date "2010.10.15"]
[Round "7.4"]
[White "Filip, Matej"]
[Black "Hrenic, Misa"]
[Result "0-1"]
[WhiteElo "2093"]
[BlackElo "2043"]
[PlyCount "72"]
[EventDate "2010.09.24"]
[EventType "team-tourn"]
[EventRounds "9"]
[EventCountry "SLO"]
[SourceTitle "CBM 138 Extra"]
[Source "ChessBase"]
[SourceDate "2010.10.29"]
[SourceVersion "1"]
[SourceVersionDate "2010.10.29"]
[SourceQuality "1"]
[WhiteTeam "Domzale"]
[BlackTeam "Jesenice"]
[WhiteTeamCountry "SLO"]
[BlackTeamCountry "SLO"]

1. d4 Nf6 2. c4 e6 3. Nc3 Bb4 4. Nf3 b6 5. Bg5 Bb7 6. Nd2 h6 7. Bh4 c5 8. d5 g5 9. Bg3 Bxc3 10. bxc3 exd5 11. cxd5 Nxd5 12. c4 Ne7 13. e4 Nbc6 14. h4 Ng6 15. hxg5 Qxg5 16. Rh5 Qe7 17. f4 0-0-0 18. Kf2 Rde8 19. Bd3 Qf6 20. f5 Qd4+ 21. Ke2 Nge5 22. Nf3 Qb2+ 23. Bc2 Nxc4 24. e5 N6xe5 25. Nxe5 Nxe5 26. Kf1 Qc3 27. Rh3 Qe3 28. Bf2 Qf4 29. Rh4 Qg5 30. Be4 Bxe4 31. Rxe4 Qxf5 32. Qd5 Kb8 33. Qd6+ Kb7 34. Rae1 f6 35. Kg1 Rhg8 36. Bxc5 Rxg2+ 0-1

[Event "SLO-chT1 West"]
[Site "Ljubljana"]
[Date "2010.09.25"]
[Round "2.4"]
[White "Filip, Matej"]
[Black "Djuric, Petar2222"]
[Result "1/2-1/2"]
[WhiteElo "2093"]
[BlackElo "1997"]
[PlyCount "104"]
[EventDate "2010.09.24"]
[EventType "team-tourn"]
[EventRounds "9"]
[EventCountry "SLO"]
[SourceTitle "CBM 138 Extra"]
[Source "ChessBase"]
[SourceDate "2010.10.29"]
[SourceVersion "1"]
[SourceVersionDate "2010.10.29"]
[SourceQuality "1"]
[WhiteTeam "Domzale"]
[BlackTeam "Krajn Stari Mayr"]
[WhiteTeamCountry "SLO"]
[BlackTeamCountry "SLO"]

1. d4 Nf6 2. c4 e6 3. Nc3 Bb4 4. e3 b6 5. Nge2 Bb7 6. a3 Bxc3+ 7. Nxc3 d5 8. cxd5 Nxd5 9. f3 Nxc3 10. bxc3 0-0 11. Qc2 Nd7 12. Bd3 Qh4+ 13. Qf2 Qxf2+ 14. Kxf2 c5 15. e4 Rfd8 16. Ke3 Rac8 17. a4 a6 18. Bd2 Rc7 19. Rhb1 h6 20. Be1 e5 21. d5 f6 22. Bc4 Kf8 23. g3 Ke7 24. f4 Rb8 25. Bd2 Bc8 26. Rb2 Kd6 27. Rab1 Ra7 28. Be2 Rc7 29. c4 Rcb7 30. a5 bxa5 31. Rxb7 Rxb7 32. Rxb7 Bxb7 33. Bxa5 Ba8 34. Bg4 Bb7 35. Kf3 Nf8 36. h3 Ng6 37. Bf5 Ne7 38. Be6 Bc8 39. f5 Bd7 40. Bxd7 Kxd7 41. Kg4 Nc8 42. Kf3 Nd6 43. Bb6 Nb7 44. Ke3 Kd6 45. g4 Kd7 46. h4 Kd6 47. Kd2 Kd7 48. Kd3 Kd6 49. Kc3 Kd7 50. Kb3 Kd6 51. Kc3 Kd7 52. Kd3 Kd6 1/2-1/2

[Event "Ljubljana-chT 63rd Superliga"]
[Site "Ljubljana"]
[Date "2010.03.04"]
[Round "7.2"]
[White "Filip, Matej"]
[Black "Pirnat, Saso"]
[Result "1-0"]
[WhiteElo "2081"]
[BlackElo "2069"]
[PlyCount "33"]
[EventDate "2010.01.07"]
[EventType "team-tourn"]
[EventRounds "9"]
[EventCountry "SLO"]
[SourceTitle "EXT 2022"]
[Source "ChessBase"]
[SourceDate "2021.10.06"]
[SourceVersion "1"]
[SourceVersionDate "2021.10.06"]
[SourceQuality "1"]
[WhiteTeam "Domzale SD"]
[BlackTeam "Visnja Gora Sticna"]
[WhiteTeamCountry "SLO"]
[BlackTeamCountry "SLO"]

1. d4 d5 2. c4 Nc6 3. cxd5 Qxd5 4. e3 e5 5. Nc3 Bb4 6. Bd2 Bxc3 7. bxc3 Nf6 8. f3 exd4 9. cxd4 0-0 10. Qb3 Qd6 11. Bc4 a6 12. a4 Be6 13. Rc1 Bxc4 14. Qxc4 Rad8 15. Ne2 Nd5 16. Qb3 Rb8 17. e4 1-0

[Event "SLO-chT Central Superliga 10th"]
[Site "Slovenija"]
[Date "2009.09.17"]
[Round "1.2"]
[White "Vavpetic, Vide"]
[Black "Filip, Matej"]
[Result "1/2-1/2"]
[WhiteElo "2224"]
[BlackElo "2078"]
[PlyCount "31"]
[EventDate "2009.09.17"]
[EventType "team-tourn"]
[EventRounds "9"]
[EventCountry "SLO"]
[SourceTitle "EXT 2022"]
[Source "ChessBase"]
[SourceDate "2021.10.06"]
[SourceVersion "1"]
[SourceVersionDate "2021.10.06"]
[SourceQuality "1"]
[WhiteTeam "Domzale SD"]
[BlackTeam "Domzale SD"]
[WhiteTeamCountry "SLO"]
[BlackTeamCountry "SLO"]

1. e4 c5 2. c3 d5 3. exd5 Qxd5 4. Na3 Nf6 5. Nf3 Bg4 6. Be2 Nc6 7. d4 cxd4 8. Nb5 0-0-0 9. Nbxd4 e5 10. Nxc6 Qxc6 11. Qb3 Be6 12. Qc2 Bc5 13. 0-0 Nd7 14. Ng5 Bd5 15. Bf3 Bxf3 16. Nxf3 1/2-1/2

[Event "SLO-chT U20"]
[Site "Nova Gorica"]
[Date "2009.08.22"]
[Round "1"]
[White "Vombek, Sara"]
[Black "Filip, Matej"]
[Result "0-1"]
[WhiteElo "1872"]
[BlackElo "2078"]
[PlyCount "58"]
[EventDate "2009.08.22"]
[EventType "team-tourn"]
[EventRounds "9"]
[EventCountry "SLO"]
[SourceTitle "CBM 132 Extra"]
[Source "ChessBase"]
[SourceDate "2009.11.03"]
[SourceVersion "1"]
[SourceVersionDate "2009.11.03"]
[SourceQuality "1"]

1. e4 c5 2. Nf3 e6 3. d4 cxd4 4. Nxd4 Nf6 5. Nc3 Nc6 6. Ndb5 d6 7. Bf4 e5 8. Bg5 a6 9. Na3 b5 10. Bxf6 gxf6 11. Nd5 f5 12. g3 Bg7 13. Bg2 0-0 14. 0-0 fxe4 15. Ne3 Ne7 16. Bxe4 Rb8 17. c4 Be6 18. cxb5 d5 19. Bg2 axb5 20. Qe2 Qb6 21. Rfd1 Rfd8 22. Bf1 b4 23. Nac2 b3 24. axb3 Qxb3 25. Ra7 Ng6 26. Rd2 Rbc8 27. h4 d4 28. Na1 d3 29. Rxd3 Rxd3 0-1

[Event "Ljubljana-chT"]
[Site "Gostovanja"]
[Date "2009.03.12"]
[Round "9.3"]
[White "Tunjic, Mirko"]
[Black "Filip, Matej"]
[Result "0-1"]
[WhiteElo "1500"]
[BlackElo "2078"]
[PlyCount "106"]
[EventDate "2009.01.08"]
[EventType "team-tourn"]
[EventRounds "9"]
[EventCountry "SLO"]
[SourceTitle "EXT 2011"]
[Source "ChessBase"]
[SourceDate "2010.11.26"]
[SourceVersion "1"]
[SourceVersionDate "2010.11.26"]
[SourceQuality "1"]

1. e4 c5 2. h3 Nc6 3. Nf3 e6 4. c4 d5 5. exd5 exd5 6. cxd5 Qxd5 7. Nc3 Qd8 8. Be2 Nge7 9. 0-0 Nf5 10. d3 Be7 11. Bf4 0-0 12. Nb5 a6 13. Nc3 b6 14. Ne4 Bb7 15. a3 Ncd4 16. Rb1 a5 17. Be5 Qd5 18. Bxd4 Nxd4 19. Nxd4 Qxd4 20. Qb3 c4 21. Qc3 Rad8 22. Nd2 cxd3 23. Bf3 Bxf3 24. Nxf3 Qxc3 25. bxc3 Bxa3 26. Rxb6 d2 27. Rd1 Bc1 28. Kf1 a4 29. Ra6 a3 30. Nd4 Ra8 31. Rxa8 Rxa8 32. Nb3 a2 33. Na1 Rc8 34. Ke2 Rxc3 35. g3 Kf8 36. h4 Rc8 37. Nb3 Rb8 38. Na1 Rb1 39. Nc2 Ke7 40. Kd3 Kf6 41. f3 a1Q 42. Nxa1 Rxa1 43. g4 Ke5 44. h5 Kf4 45. Ke2 Ra3 46. h6 g6 47. g5 Re3+ 48. Kf2 Re1 49. Rxe1 dxe1Q+ 50. Kxe1 Kxf3 51. Kf1 Bxg5 52. Kg1 Bxh6 53. Kh2 f5 0-1

[Event "Ljubljana-chT"]
[Site "Gostovanja"]
[Date "2009.03.05"]
[Round "8.2"]
[White "Gombac, Jan"]
[Black "Filip, Matej"]
[Result "1-0"]
[WhiteElo "2293"]
[BlackElo "2078"]
[PlyCount "61"]
[EventDate "2009.01.08"]
[EventType "team-tourn"]
[EventRounds "9"]
[EventCountry "SLO"]
[SourceTitle "EXT 2011"]
[Source "ChessBase"]
[SourceDate "2010.11.26"]
[SourceVersion "1"]
[SourceVersionDate "2010.11.26"]
[SourceQuality "1"]

1. e4 c5 2. Nc3 e6 3. Nf3 Nc6 4. Bb5 Nd4 5. Bd3 Ne7 6. Nb5 Nec6 7. Nbxd4 cxd4 8. c3 e5 9. cxd4 exd4 10. 0-0 g6 11. e5 Bg7 12. b3 Qb6 13. a4 a5 14. Ba3 Nb4 15. Bc4 0-0 16. Qe2 Re8 17. Bxb4 Qxb4 18. Qe4 d6 19. Bxf7+ Kxf7 20. Qd5+ Be6 21. Ng5+ Kg8 22. Nxe6 Kh8 23. exd6 Bf6 24. Nc7 Red8 25. Nxa8 Rxa8 26. Rae1 Rd8 27. d7 Kg7 28. Re8 Qb6 29. Qg8+ Kh6 30. Qf8+ Bg7 31. Rxd8 1-0

[Event "SLO-chT1 West"]
[Site "Ljubljana"]
[Date "2008.11.14"]
[Round "2.3"]
[White "Filip, Matej"]
[Black "Jeraj, Zlatko"]
[Result "1/2-1/2"]
[WhiteElo "2070"]
[BlackElo "2132"]
[PlyCount "92"]
[EventDate "2008.11.13"]
[EventType "team-tourn"]
[EventRounds "9"]
[EventCountry "SLO"]
[SourceTitle "EXT 2010"]
[Source "ChessBase"]
[SourceDate "2010.11.25"]
[SourceVersion "1"]
[SourceVersionDate "2010.11.25"]
[SourceQuality "1"]
[WhiteTeam "Domzale"]
[BlackTeam "Jesenice"]
[WhiteTeamCountry "SLO"]
[BlackTeamCountry "SLO"]

1. d4 Nf6 2. c4 c5 3. d5 d6 4. Nc3 e5 5. e4 Be7 6. h3 0-0 7. Nf3 Na6 8. Be3 Rb8 9. Bd3 Bd7 10. g4 Nc7 11. a4 Na6 12. Be2 Nb4 13. 0-0 Ne8 14. Qd2 h5 15. Ne1 Qc8 16. f3 g6 17. Kh2 Kh7 18. Rg1 Ng7 19. f4 exf4 20. Bxf4 hxg4 21. hxg4 Rh8 22. Kg3 Kg8 23. Ng2 Qd8 24. g5 Nh5+ 25. Bxh5 Rxh5 26. Rh1 Bxg5 27. Rxh5 Bxf4+ 28. Nxf4 gxh5 29. Nxh5 Qe7 30. Qh6 f5 31. Rg1 Kf7 32. Qh7+ Ke8 33. Ng7+ Kd8 34. exf5 Qe3+ 35. Kh2 Kc7 36. Ne6+ Kb6 37. a5+ Kxa5 38. Ra1+ Na2 39. Rxa2+ Kb4 40. Kg2 Bxe6 41. dxe6 Qd2+ 42. Kf3 Qd3+ 43. Kg4 Qd4+ 44. Kf3 Qd3+ 45. Kf2 Qd4+ 46. Kf3 Qd3+ 1/2-1/2

[Event "SLO-chT U20 17th"]
[Site "Murska Sobota"]
[Date "2008.08.27"]
[Round "3.2"]
[White "Vombek, Sara"]
[Black "Filip, Matej"]
[Result "1/2-1/2"]
[WhiteElo "1888"]
[BlackElo "2073"]
[PlyCount "54"]
[EventDate "2008.08.30"]
[EventType "team-tourn"]
[EventRounds "7"]
[EventCountry "SLO"]
[SourceTitle "EXT 2010"]
[Source "ChessBase"]
[SourceDate "2010.11.25"]
[SourceVersion "1"]
[SourceVersionDate "2010.11.25"]
[SourceQuality "1"]
[WhiteTeam "Radenska Pomgrad"]
[BlackTeam "Domzale"]
[WhiteTeamCountry "SLO"]
[BlackTeamCountry "SLO"]

1. e4 c5 2. Nf3 Nc6 3. d4 cxd4 4. Nxd4 Nf6 5. Nc3 e5 6. Ndb5 d6 7. Bg5 a6 8. Na3 b5 9. Nd5 Be7 10. Bxf6 Bxf6 11. c3 Bg5 12. Nc2 0-0 13. a4 bxa4 14. Rxa4 Bb7 15. Bc4 Na5 16. Ba2 Bc6 17. Rb4 Nb7 18. h4 Bh6 19. g4 Bf4 20. Nxf4 exf4 21. Qd2 Nc5 22. f3 Rb8 23. Rxb8 Qxb8 24. b4 Ne6 25. Nd4 Nxd4 26. Qxd4 a5 27. h5 Re8 1/2-1/2

[Event "SLO-chT U20 17th"]
[Site "Murska Sobota"]
[Date "2008.08.26"]
[Round "2.2"]
[White "Filip, Matej"]
[Black "Drnovsek, Nejc"]
[Result "1/2-1/2"]
[WhiteElo "2073"]
[BlackElo "2096"]
[PlyCount "40"]
[EventDate "2008.08.30"]
[EventType "team-tourn"]
[EventRounds "7"]
[EventCountry "SLO"]
[SourceTitle "EXT 2010"]
[Source "ChessBase"]
[SourceDate "2010.11.25"]
[SourceVersion "1"]
[SourceVersionDate "2010.11.25"]
[SourceQuality "1"]
[WhiteTeam "Domzale"]
[BlackTeam "Maribor LANCom"]
[WhiteTeamCountry "SLO"]
[BlackTeamCountry "SLO"]

1. d4 d5 2. c4 c6 3. Nf3 Nf6 4. Nc3 a6 5. c5 Bf5 6. Bf4 Nbd7 7. h3 e6 8. e3 h6 9. Be2 Be7 10. 0-0 0-0 11. b4 Ne4 12. Qb3 b6 13. Rfc1 Re8 14. Na4 b5 15. Nb2 Ng5 16. Nxg5 hxg5 17. Bg3 Bf6 18. Bd3 Bxd3 19. Nxd3 e5 20. dxe5 Nxe5 1/2-1/2

[Event "SLO-chT2"]
[Site "Ljubljana"]
[Date "2007.11.25"]
[Round "9.5"]
[White "Filip, Matej"]
[Black "Volf, Ziga"]
[Result "1/2-1/2"]
[WhiteElo "2061"]
[BlackElo "2191"]
[PlyCount "65"]
[EventDate "2007.11.15"]
[EventType "team"]
[EventRounds "9"]
[EventCountry "SLO"]
[SourceTitle "CBM 121 Extra"]
[Source "ChessBase"]
[SourceDate "2008.01.10"]
[SourceVersion "1"]
[SourceVersionDate "2008.01.10"]
[SourceQuality "1"]
[WhiteTeam "Domzale"]
[BlackTeam "Krka Novo Mesto"]
[WhiteTeamCountry "SLO"]
[BlackTeamCountry "SLO"]

1. d4 Nf6 2. c4 g6 3. Nc3 Bg7 4. e4 d6 5. f3 0-0 6. Be3 Nbd7 7. Bd3 c5 8. Nge2 a6 9. 0-0 Rb8 10. Qd2 Re8 11. h3 Qa5 12. a4 cxd4 13. Nxd4 Ne5 14. Be2 Nc6 15. Nb3 Qd8 16. a5 b6 17. Nd5 Nxd5 18. cxd5 Nxa5 19. Nxa5 bxa5 20. Qxa5 Rxb2 21. Bc4 Rc2 22. Qa4 Rc3 23. Bf2 Bd7 24. Qxa6 Qc7 25. Rac1 Rc8 26. Rxc3 Bxc3 27. Bb5 Be5 28. Bxd7 Qxd7 29. Rd1 Kg7 30. Qd3 Qa4 31. Bd4 Bxd4+ 32. Qxd4+ Qxd4+ 33. Rxd4 1/2-1/2

[Event "SLO-chT2"]
[Site "Ljubljana"]
[Date "2007.11.24"]
[Round "7.6"]
[White "Ravnik, Franc"]
[Black "Filip, Matej"]
[Result "1-0"]
[WhiteElo "2000"]
[BlackElo "2061"]
[PlyCount "45"]
[EventDate "2007.11.15"]
[EventType "team"]
[EventRounds "9"]
[EventCountry "SLO"]
[SourceTitle "CBM 121 Extra"]
[Source "ChessBase"]
[SourceDate "2008.01.10"]
[SourceVersion "1"]
[SourceVersionDate "2008.01.10"]
[SourceQuality "1"]
[WhiteTeam "Jesenice"]
[BlackTeam "Domzale"]
[WhiteTeamCountry "SLO"]
[BlackTeamCountry "SLO"]

1. e4 c5 2. Nf3 Nc6 3. c3 d5 4. exd5 Qxd5 5. d4 Bg4 6. Be2 e6 7. c4 Qd6 8. d5 exd5 9. cxd5 Nb4 10. Nc3 0-0-0 11. a3 Nxd5 12. Qa4 Bxf3 13. Bxf3 Nxc3 14. bxc3 Qe5+ 15. Kf1 Qxc3 16. Bxb7+ Kb8 17. Bf3 Qd3+ 18. Be2 Qg6 19. Bf4+ Bd6 20. Qb5+ Kc7 21. Qxc5+ Kd7 22. Bb5+ Ke7 23. Re1+ 1-0

[Event "SLO-chT2"]
[Site "Ljubljana"]
[Date "2007.11.17"]
[Round "3.6"]
[White "Ciglic, Boris"]
[Black "Filip, Matej"]
[Result "1/2-1/2"]
[WhiteElo "2123"]
[BlackElo "2061"]
[PlyCount "31"]
[EventDate "2007.11.15"]
[EventType "team"]
[EventRounds "9"]
[EventCountry "SLO"]
[SourceTitle "CBM 121 Extra"]
[Source "ChessBase"]
[SourceDate "2008.01.10"]
[SourceVersion "1"]
[SourceVersionDate "2008.01.10"]
[SourceQuality "1"]
[WhiteTeam "Gorenjka Lesce"]
[BlackTeam "Domzale"]
[WhiteTeamCountry "SLO"]
[BlackTeamCountry "SLO"]

1. Nf3 Nf6 2. d4 g6 3. c4 Bg7 4. Nc3 0-0 5. e4 d6 6. Be2 Nbd7 7. 0-0 e5 8. Be3 c6 9. dxe5 dxe5 10. Qc2 Qc7 11. Nd2 Rd8 12. c5 Nf8 13. Rfd1 Ne6 14. Nb3 Bd7 15. g3 h5 16. h4 1/2-1/2

[Event "SLO-chT U20"]
[Site "Murska Sobota"]
[Date "2007.08.31"]
[Round "9"]
[White "Buzeti, Jernej"]
[Black "Filip, Matej"]
[Result "1/2-1/2"]
[WhiteElo "2108"]
[BlackElo "2050"]
[PlyCount "48"]
[EventDate "2007.08.25"]
[EventType "team-swiss"]
[EventRounds "9"]
[EventCountry "SLO"]
[SourceTitle "CBM 120 Extra"]
[Source "ChessBase"]
[SourceDate "2007.11.01"]
[SourceVersion "1"]
[SourceVersionDate "2007.11.01"]
[SourceQuality "1"]

1. e4 c5 2. Nf3 e6 3. d4 cxd4 4. Nxd4 Nf6 5. Nc3 Nc6 6. Ndb5 d6 7. Bf4 e5 8. Bg5 a6 9. Na3 b5 10. Bxf6 gxf6 11. Nd5 f5 12. c3 Bg7 13. exf5 Bxf5 14. Nc2 0-0 15. Nce3 Be6 16. Bd3 f5 17. 0-0 Ra7 18. a4 Ne7 19. Nxe7+ Rxe7 20. axb5 axb5 21. Bxb5 d5 22. Ra6 Kh8 23. Qa4 f4 24. Nc2 Rg8 1/2-1/2